2023 News Stories - Name the City - Statistics

General Stats
  • This quiz has been taken 116 times
  • The average score is 9 of 20
Answer Stats
Clue City % Correct
Most of this city was occupied by the Israel Defense Forces Gaza
98%
Site of the coronation of King Charles III London
93%
A mob of a losing presidential candidate's supporters attacked the federal buildingsin this national capital, that is shaped like an airplane Brasília
64%
Tharman Shanmugaratnam was elected president of this city-state Singapore
63%
Cristiano Ronaldo and Neymar sign on to new football clubs based in this city respectively Riyadh
52%
This city's NFL team won the Super Bowl Kansas City
50%
The metropolitan area of this city was the site of the assassination of a Sikh separatist,which sparked a diplomatic row between India and Canada Vancouver
50%
This "City of Music" was again ranked as the "Most Liveable City" in the world Vienna
50%
A bed bug infestation spread across this national capital Paris
48%
Gujarati city that hosted the Cricket World Cup final match Ahmedabad
37%
The epicenter of the earthquakes that hit Turkey and Syria was located north of this major city Gaziantep
37%
Donald Trump's mug shot is taken in this state capital's Fulton County Jail Atlanta
36%
The completion of the Merdeka 118, makes this city site of the world's second-tallest building Kuala Lumpur
30%
A WWII Nazi veteran is applauded in the nation's parliament building in this city Ottawa
30%
A postgraduate student killed 15 people in a mass shooting in this city's Charles University Prague
30%
The Super Bowl LVII took place in the metropolitan area of this state capital Phoenix
29%
First major city the Wagner Group took control of in their rebellion in Russia in June Rostov-on-Don
24%
Major city in northwestern Afghanistan that was hit by a deadly earthquake Herat
23%
19 people were shot dead in a bar and a bowling alley in this city in New England,that is the second-largest city in Maine Lewiston
16%
Where President Mohamed Bazoum and his family were detained at the Presidential Palace Niamey
14%
No matching quizzes found
Score Distribution
Percent of People with Each Score
Percentile by Number Answered
Your Score History
You have not taken this quiz